[Event "BLR-ch (Women)"]
[Site "Minsk"]
[Date "2013.01.15"]
[Round "6"]
[White "Kusenkova, Natallia"]
[Black "Davydova, Natalia"]
[Result "1/2-1/2"]
[WhiteElo "2019"]
[BlackElo "1991"]
[PlyCount "74"]
[EventDate "2013.01.10"]
[EventType "tourn"]
[EventRounds "9"]
[EventCountry "BLR"]
[SourceTitle "CBM 152 Extra"]
[Source "ChessBase"]
[SourceDate "2013.02.25"]
[SourceVersion "1"]
[SourceVersionDate "2013.02.25"]
[SourceQuality "1"]

1. e4 c5 2. Nf3 d6 3. g3 g6 4. Bg2 Bg7 5. 0-0 Nc6 6. c3 Nf6 7. d4 0-0 8. d5 Na5 9. Qc2 Qc7 10. Nbd2 Rb8 11. a4 a6 12. b3 Bd7 13. Bb2 b5 14. axb5 axb5 15. Ra2 c4 16. b4 Nb3 17. Nd4 Nxd4 18. cxd4 Rfc8 19. Bc3 Ne8 20. Rfa1 Qd8 21. h3 Ra8 22. Qb2 Nc7 23. Ra5 h5 24. R1a2 Rxa5 25. Rxa5 Ra8 26. Qa1 Qc8 27. Kh2 f6 28. f4 Rxa5 29. Qxa5 e5 30. dxe5 fxe5 31. fxe5 dxe5 32. Nf3 Ne8 33. Qb6 Nf6 34. Nxe5 Qe8 35. Nxd7 Nxd7 36. Qe3 Bxc3 37. Qxc3 Qe5 1/2-1/2

[Event "BLR-ch (Women)"]
[Site "Minsk"]
[Date "2013.01.13"]
[Round "4"]
[White "Nevioselaya, Maria"]
[Black "Davydova, Natalia"]
[Result "1-0"]
[WhiteElo "2065"]
[BlackElo "1991"]
[PlyCount "63"]
[EventDate "2013.01.10"]
[EventType "tourn"]
[EventRounds "9"]
[EventCountry "BLR"]
[SourceTitle "CBM 152 Extra"]
[Source "ChessBase"]
[SourceDate "2013.02.25"]
[SourceVersion "1"]
[SourceVersionDate "2013.02.25"]
[SourceQuality "1"]

1. e4 c5 2. Nf3 d6 3. d4 cxd4 4. Qxd4 Nc6 5. Bb5 Qd7 6. Bxc6 bxc6 7. c4 e5 8. Qd3 Nf6 9. 0-0 Be7 10. Rd1 0-0 11. Nc3 Qe6 12. b3 h6 13. h3 Rd8 14. Ba3 Bb7 15. Qe3 a5 16. c5 dxc5 17. Bxc5 Nd7 18. Bxe7 Qxe7 19. Na4 c5 20. Rac1 Rdc8 21. Rxd7 Qxd7 22. Nb6 Qc7 23. Nxa8 Bxa8 24. Ne1 Qc6 25. f3 a4 26. Nd3 axb3 27. axb3 Qd6 28. Rxc5 Rb8 29. Nxe5 Qd1+ 30. Kh2 Rxb3 31. Rc8+ Kh7 32. Qf4 1-0

[Event "BLR-ch (Women)"]
[Site "Minsk"]
[Date "2013.01.11"]
[Round "2"]
[White "Beinenson, Katsiaryna"]
[Black "Davydova, Natalia"]
[Result "1-0"]
[WhiteElo "1974"]
[BlackElo "1991"]
[PlyCount "59"]
[EventDate "2013.01.10"]
[EventType "tourn"]
[EventRounds "9"]
[EventCountry "BLR"]
[SourceTitle "CBM 152 Extra"]
[Source "ChessBase"]
[SourceDate "2013.02.25"]
[SourceVersion "1"]
[SourceVersionDate "2013.02.25"]
[SourceQuality "1"]

1. e4 c5 2. c3 d5 3. exd5 Qxd5 4. d4 Nf6 5. Nf3 Bg4 6. Be2 e6 7. Be3 cxd4 8. cxd4 Nc6 9. Nc3 Qd6 10. h3 Bh5 11. 0-0 Be7 12. Qb3 0-0 13. Rfd1 Rfd8 14. a3 a6 15. Na4 Rab8 16. Nc5 Qc7 17. Rac1 Bxf3 18. Bxf3 Nd5 19. Qc2 Bxc5 20. Qxc5 Nxe3 21. fxe3 Rbc8 22. Rc3 Qd7 23. Qb6 Rb8 24. b4 Rdc8 25. Rdc1 e5 26. d5 Ne7 27. Rc7 Qf5 28. Bg4 Qe4 29. Rxc8+ Nxc8 30. Qd8# 1-0